La modernizacin̤ de la gestin̤ tributaria local en Espaą el caso de suma gestin̤ tributaria de la Diputacin̤ de Alicante /

Detalles Bibliográficos
Autor principal: Belmonte Martn̕, Irene
Formato: eBook
Lenguaje:español
Publicado: Madrid: Instituto Nacional de Administracin̤ Pb︢lica (INAP), 2016
Materias:
Acceso en línea:Acceso restringido

MARC

LEADER 00000nam a22000007a 4500
005 20170527202949.0
007 cr|||| ||||
008 170527s2016 es |||||s|||| 00||0 spa d
020 |a 978-84-7351-558-0 
035 |a 20269 
040 |a vLex 
090 |c 6705  |d 6705 
100 1 |a Belmonte Martn̕, Irene 
245 1 2 |a La modernizacin̤ de la gestin̤ tributaria local en Espaą  |h [Recurso electrn̤ico] :  |b el caso de suma gestin̤ tributaria de la Diputacin̤ de Alicante /  |c Irene Belmonte Martn̕ 
256 |a Servicio en ln̕ea 
260 |a Madrid:  |b Instituto Nacional de Administracin̤ Pb︢lica (INAP),  |c 2016 
300 |a 1 recurso electrn̤ico 
506 1 |a Disponible solo en los productos indicados  |d vLex Global  |d vLex Global (Academic Edition, excluding Law Schools)  |d vLex Global (U.S. Academic Edition, Law Schools)  |d vLex Global (U.S. Academic Edition, excluding Law Schools)  |d vLex Global (Academic Edition, Law Schools) 
650 0 4 |a Derecho Fiscal  |z Espaą 
740 0 |a vLex Libros (Servicio en ln̕ea) 
856 4 0 |u http://vlex.com/source/modernizacion-gestion-tributaria-local-espa-a-20269  |z Acceso restringido 
942 |c BOOK 
999 0 |a Tax Law